| 000 | 00935nam a2200229Ii 4500 | ||
|---|---|---|---|
| 003 | JO-AjNU | ||
| 008 | 230605s9999||||xx |||||||||||||| ||und|| | ||
| 017 | _a2011/10787 | ||
| 020 | _a978-977-327-895-4 | ||
| 040 |
_aJO-AjNU _bara _erda _cJO-AjNU |
||
| 041 | _aara | ||
| 050 | 1 | 4 | _aBP170.2.A45 2012 |
| 100 | 3 |
_aإعداد: علي،ابراهيم سعد, _eauthor _934347 |
|
| 245 | 0 | 0 | _aالبنوك الإسلامية والجمعيات الأهلية ودورهما في التكافل الإجتماعي وأثره على الأمة الإسلامية |
| 250 | _aط1 | ||
| 264 | 3 | 1 | _aالاسكندرية: مكتبة الوفاء القانونية، 2012 |
| 300 | _a567ص | ||
| 336 |
_atext _btxt _2rdacontent |
||
| 337 |
_aunmediated _bn _2rdamedia |
||
| 338 |
_avolume _bnc _2rdacarrier |
||
| 650 | 4 |
_aالبنوك الإسلامية- جوانب إجتماعية- الاسلام والتكافل الاجتماعي _934348 |
|
| 999 |
_aA14075 _c17643 _d17643 |
||